| 000 | 01053nam a2200193 a 4500 | ||
|---|---|---|---|
| 008 | 120416s1974 ||||||||||||||||| || u | ||
| 050 | _aHF 5691 Dew | ||
| 100 | _aDewhurst, Roland F. James | ||
| 245 | 1 | 0 | _aMathematics for accountants and managers |
| 250 | _a2nd.ed | ||
| 260 |
_aLondon _bHeinemann _c1974 |
||
| 300 | _axiv, 175p. : ill | ||
| 350 | _a0.00 | ||
| 650 | 0 | _aMATHEMATICS--HANDBOOKS, MANUALS, ETC | |
| 995 |
_aMAIN LIBRARY OPEN ACCESS _D0.00 _e702770 _FCBU-MAIN LIBRARY (Kitwe) _H2 _I3.10 _jHF 5691 Dew _M1 _UAVAILABLE _y006940 _ZMain Library Open Access Collection |
||
| 995 |
_aMAIN LIBRARY OPEN ACCESS _D0.00 _e705504 _FCBU-MAIN LIBRARY (Kitwe) _H3 _I3.10 _jHF 5691 Dew _M2 _UAVAILABLE _y006941 _ZMain Library Open Access Collection |
||
| 995 |
_aMAIN LIBRARY OPEN ACCESS _D0.00 _e716404 _FCBU-MAIN LIBRARY (Kitwe) _H1 _I3.10 _jHF 5691 Dew _M3 _UAVAILABLE _y006942 _ZMain Library Open Access Collection |
||
| 995 |
_aMAIN LIBRARY OPEN ACCESS _D0.00 _e714180 _FCBU-MAIN LIBRARY (Kitwe) _H4 _I3.10 _jHF 5691 Dew _M4 _UAVAILABLE _y006943 _ZMain Library Open Access Collection |
||
| 999 |
_c82744 _d82744 |
||